000 00586nam a22001817a 4500
999 _c164954
_d164954
005 20190530160901.0
010 _aENG-125413
020 _c1000.00
035 _aEN-108945
037 _bDBAD/PUB
082 _a616.462
100 _aReddy, V. Rami
245 _aType 2 diabeted in the context of consanguinity-conjugality, anthropometry and clinical variation /
_cby V.Rami Reddy
260 _aTirupati
_bV.Indira
_c2012
270 _a# 8-30, (opp.) Vidyanagar, SVUNT Colony
_bTirupati
_e517502
300 _axv,225p.
_c25cm(pbk)
942 _2ddc
_cEN
_h616.462
_kRED